Kto reprezentował Polskę w konkursie Piosenki Eurowizji? - Statystyki

Ogólne statystyki
  • Ten quiz został rozwiązany 18 razy
  • Średni wynik to 4 z 8
Statystyki odpowiedzi
Hint Odpowiedź % Poprawnych
1. Górniak
71%
8. Blanka
65%
4. Ich Troje
59%
6. Steczkowska
59%
2. Szpak
59%
7. Brzozowski
41%
3. Blue Cafe
18%
5. Kasia Moś
0%
Nie znaleziono quizów pasujących do podanych kryteriów
Rozkład punktacji
Procent ludzi z każdym wynikiem
Percentyl według liczby udzielonych odpowiedzi
Twoja historia wyników
Nie rozwiązałeś tego quizu